Eléments de Mathématique: intégration
Saved in:
| Hovedforfatter: | |
|---|---|
| Format: | Bog |
| Sprog: | fransk |
| Udgivet: |
París, Francia
Hermann
1959
|
| Serier: | Actualités Scientifiques et Industrielles.
1281 |
| Fag: | |
| Tags: |
Tilføj Tag
Ingen Tags, Vær først til at tagge denne postø!
|
MARC
| LEADER | 00000nam a2200000 a 4500 | ||
|---|---|---|---|
| 001 | UCP0591 | ||
| 003 | CL-VaPUC | ||
| 005 | 20250224155931.0 | ||
| 008 | 990313e19590000FR |||||||||||||||||fre|d | ||
| 999 | |c 279354 |d 279352 | ||
| 040 | |c Pontificia Universidad Católica de Valparaíso | ||
| 082 | 0 | 4 | |a 515.4 BOU 1959 |2 21 |
| 100 | 0 | |a Bourbaki, Nicolás |9 425952 | |
| 245 | 1 | 0 | |a Eléments de Mathématique: intégration |
| 260 | 0 | 3 | |a París, Francia |b Hermann |c 1959 |
| 300 | |a 105 páginas | ||
| 490 | 0 | |a Actualités Scientifiques et Industrielles. |v 1281 | |
| 505 | |a Chapitre 6: intégration vectorielle. | ||
| 583 | |a last modification |c 19990313 00:00:00 |k Rodrigo Vera | ||
| 650 | 0 | |a Integrales |9 260233 | |
| 650 | 7 | |a INTEGRACION NUMERICA |2 CL-VaPUC |9 425953 | |
| 650 | 0 | |a Funciones vectoriales |9 425619 | |
| 650 | 0 | |a Espacios vectoriales topológicos |9 424115 | |
| 650 | 7 | |a ESPACIOS DE BANACH |2 CL-VaPUC |9 260167 | |
| 942 | |c BK |2 ddc | ||
| 945 | |d 19990313 00:00:00 |a crobeson | ||
| 952 | |0 0 |1 0 |2 ddc |4 0 |6 515_400000000000000_BOU_1959 |7 0 |8 A |9 318438 |a BIBMAT |b BIBMAT |d 2019-11-20 |i 1322311 |o 515.4 BOU 1959 |p 1322311 |r 2025-01-07 |t 1 |w 2019-11-20 |y BK |k MAT | ||
| 952 | |0 0 |1 0 |2 ddc |4 0 |6 515_400000000000000_BOU_1959 |7 0 |8 A |9 318439 |a BIBMAT |b BIBMAT |d 2019-11-20 |i 1322362 |o 515.4 BOU 1959 |p 1322362 |r 2025-01-07 |t 2 |w 2019-11-20 |y BK |k MAT | ||
| 952 | |0 0 |1 0 |2 ddc |4 0 |6 515_400000000000000_BOU_1959 |7 0 |8 A |9 318440 |a BIBMAT |b BIBMAT |d 2019-11-20 |i 1322443 |o 515.4 BOU 1959 |p 1322443 |r 2025-01-07 |t 3 |w 2019-11-20 |y BK |k MAT | ||
| 952 | |0 0 |1 0 |2 ddc |4 0 |6 515_400000000000000_BOU_1959 |7 0 |8 A |9 318441 |a BIBMAT |b BIBMAT |d 2019-11-20 |i 132263K |o 515.4 BOU 1959 |p 132263K |r 2025-01-07 |t 4 |w 2019-11-20 |y BK |k MAT | ||